00490 aa a2200169 4500008004100000010001400041020001500055020001600070035001300086082001600099100001800115245006700133260004200200260000900242300001900251500005000270081020t xxu||||| |||| 00| 0 eng d aENG-84100 a8176297445 c400.00 (hb) aEN-67633 a336.340954  aSaket, Nikhil aPublic debt and economic planning in India / cby Nikhil Saket aNew DelhibDeep and Deep Publications c2006 axii,188pc22cm aIncludes bibliographical references and index